[Event "XX Sant Marti Open 2018"]
[Site "Sant Marti"]
[Date "2018.07.14"]
[Round "2"]
[White "Harikrishnan A Ra"]
[Black "Oliva Castaneda, Kevel"]
[Result "0-1"]
[WhiteElo "2204"]
[BlackElo "2491"]
[Annotator "TA"]
[PlyCount "74"]
[EventDate "2018.07.13"]
[EventType "swiss"]
[EventCountry "ESP"]
[SourceTitle "playchess.com"]
[Source "ChessBase"]
[SourceQuality "1"]

{[%evp 12,74,12,-6,0,-2,-9,-34,-32,-39,-25,-59,-57,-65,0,-6,0,0,0,0,137,0,0,-13,-3,-109,-77,-95,-24,-27,-28,-25,-17,-25,-25,-29,-37,-130,-117,-129,-122,-132,0,0,0,0,0,0,0,-19,-18,-31,0,0,0,0,0,0,0,0,0,-351,-312,-692,-681]} 1. Nf3 d5 2. g3 g6 3. Bg2 Bg7 4. O-O e5 5. d3 Ne7 6. e4 d4 7. Nh4 {LiveBook: 4 Partien. A07: Barcza-System (Königsfianchetto mit möglichen Übergängen in andere Systeme)} (7. c3 dxc3 8. bxc3 O-O 9. Na3 c5 10. Be3 b6 11. d4 Ba6 12. Re1 exd4 13. cxd4 cxd4 14. Bxd4 Nbc6 15. Bxg7 Qxd1 16. Raxd1 Kxg7 {½-½ (45) Johansson,L (2457)-Morozevich,A (2665) Malmo 2018}) 7... O-O 8. f4 exf4 9. Bxf4 {Die Stellung ist ausgeglichen.} c5 $146 ({Vorgänger:} 9... Nbc6 10. Qd2 Ne5 11. h3 f5 12. exf5 Bxf5 13. Qe2 N7c6 14. Nxf5 Rxf5 {½-½ (25) Melchers,D (1975)-Zurkowski,A (2127) Mazowsze 2010}) 10. a4 h6 11. Nf3 g5 12. Bd2 f5 (12... Nbc6 $15) 13. exf5 $1 $11 Nxf5 14. Na3 Nc6 15. Nc4 Re8 {[#]} (15... Be6 $11) 16. Re1 ({Weiss braucht} 16. Nxg5 $1 $16 hxg5 17. Qh5 (17. Bxc6 bxc6 18. Qh5 Be6 $17)) 16... Be6 17. Kh1 Bd5 18. Ng1 (18. Rxe8+ $11 {hält das Gleichgewicht.} Qxe8 19. Nh4 Bxg2+ 20. Nxg2) 18... Bxg2+ $17 19. Kxg2 Rf8 (19... Rxe1 $17 20. Qxe1 Qd7) 20. Re4 $1 $11 Qd5 21. Qe2 Ne5 22. Nxe5 Bxe5 23. Nf3 Bg7 {Und ...Sd6 würde nun gewinnen.} 24. h3 (24. c4 $15 Qc6 25. g4) 24... Qd6 $17 25. Qe1 Qc6 {zielt auf ...Sd6 ab.} 26. Qe2 Rf7 ({Günstiger ist} 26... Nd6 $17 27. Re6 Rae8) 27. g4 $11 Nd6 28. Re6 $1 Raf8 29. Rf1 Qd5 $40 {[%mdl 128] Und weiter mit ...Txf3! wäre nett. Schwarz startet einen Angriff.} 30. Re7 Rxe7 31. Qxe7 Re8 32. Qc7 Nf7 33. Re1 Be5 (33... Ne5 $5 34. Re4 $8 Nxf3 35. Rxe8+ Bf8 $11) 34. Qa5 Rf8 35. Qb5 $1 Bc7 36. Qb3 $2 {[%mdl 8192] [#]} (36. Re4 $1 $11) 36... Qd6 $1 $19 {[%cal Rd6g3] Droht ...Dg3+ und aus.} 37. Ne5 $2 (37. Kf1 Qg3 38. Ng1) 37... Kg7 {Precision: Weiß = 60%, Schwarz = 68%.} 0-1

[Event "XX Sant Marti Open 2018"]
[Site "Sant Marti"]
[Date "2018.07.15"]
[Round "3"]
[White "Martinez Alcantara, Jose Eduardo"]
[Black "Valenzuela Gomez, Fernando"]
[Result "1-0"]
[WhiteElo "2545"]
[BlackElo "2389"]
[Annotator "ChessBase"]
[PlyCount "109"]
[EventDate "2018.07.13"]
[EventType "swiss"]
[EventCountry "ESP"]
[SourceTitle "playchess.com"]
[Source "ChessBase"]
[SourceQuality "1"]
[TimeControl "5400+30"]

1. e4 {[%emt 0:12:20]} c5 {[%emt 0:05:09]} 2. Nf3 {[%emt 0:00:04]} d6 {[%emt 0:00:26]} 3. d4 {[%emt 0:00:05]} cxd4 {[%emt 0:00:16]} 4. Nxd4 {[%emt 0:00:06]} Nf6 {[%emt 0:00:21]} 5. Nc3 {[%emt 0:00:02]} a6 {[%emt 0:00:35]} 6. f3 {[%emt 0:00:04]} h5 {[%emt 0:00:05]} 7. Be3 {[%emt 0:00:04]} e6 {[%emt 0:00:23]} 8. Qd2 {[%emt 0:03:04]} Be7 {[%emt 0:01:04]} 9. Bc4 {[%emt 0:02:35]} b5 {[%emt 0:05:48]} 10. Bb3 {[%emt 0:00:09]} Bd7 {[%emt 0:00:16]} 11. a4 {[%emt 0:01:50]} Nc6 {[%emt 0:06:15]} 12. axb5 {[%emt 0:05:50]} Nxd4 {[%emt 0:00:36]} 13. Qxd4 {[%emt 0:00:21]} axb5 {[%emt 0:00:27]} 14. O-O {[%emt 0:00:16]} O-O {[%emt 0:10:05]} 15. Qd3 {[%emt 0:03:13]} Rxa1 {[%emt 0:04:59]} 16. Rxa1 {[%emt 0:00:02]} Qb8 {[%emt 0:00:19]} 17. Ne2 {[%emt 0:05:57]} Rd8 {[%emt 0:05:43]} 18. Nf4 {[%emt 0:02:40]} d5 {[%emt 0:08:49]} 19. exd5 {[%emt 0:04:13]} e5 {[%emt 0:12:09]} 20. d6 {[%emt 0:05:55]} Bxd6 {[%emt 0:09:53]} 21. Nd5 {[%emt 0:21:39]} Nxd5 {[%emt 0:00:27]} 22. Bxd5 {[%emt 0:02:39]} e4 {[%emt 0:01:16]} 23. fxe4 {[%emt 0:05:49]} Bxh2+ {[%emt 0:00:59]} 24. Kh1 {[%emt 0:00:01]} Be5 {[%emt 0:11:38]} 25. Qb3 {[%emt 0:02:13]} Qd6 {[%emt 0:04:54]} 26. Bxf7+ {[%emt 0:07:08]} Kh7 {[%emt 0:00:02]} 27. Bg5 {[%emt 0:01:54]} Be6 {[%emt 0:02:50]} 28. Qd3 {[%emt 0:00:39]} Bc4 {[%emt 0:02:44]} 29. Qf3 {[%emt 0:02:18]} Bxf7 {[%emt 0:02:01]} 30. Bxd8 {[%emt 0:00:05]} Bg6 {[%emt 0:01:16]} 31. Rd1 {[%emt 0:01:01]} Qb4 {[%emt 0:00:41]} 32. b3 {[%emt 0:00:43]} Qa3 {[%emt 0:01:18]} 33. Bg5 {[%emt 0:00:46]} Qa8 {[%emt 0:00:26]} 34. Bf4 {[%emt 0:00:44]} Bb2 {[%emt 0:00:27]} 35. Kh2 {[%emt 0:01:46]} Qe8 {[%emt 0:00:13]} 36. Re1 {[%emt 0:00:22]} b4 {[%emt 0:00:50]} 37. Re2 {[%emt 0:00:32]} Qe7 {[%emt 0:00:34]} 38. g3 {[%emt 0:01:07]} Qe6 {[%emt 0:00:37]} 39. Bd2 {[%emt 0:01:40]} Qe7 {[%emt 0:00:59]} 40. c3 {[%emt 0:01:35]} bxc3 {[%emt 0:00:49]} 41. Bxc3 {[%emt 0:00:05]} Bc1 {[%emt 0:00:27]} 42. Bd2 {[%emt 0:00:39]} Ba3 {[%emt 0:00:31]} 43. b4 {[%emt 0:00:42]} Bxb4 {[%emt 0:00:28]} 44. Bxb4 {[%emt 0:00:01]} Qxb4 {[%emt 0:00:07]} 45. e5 {[%emt 0:00:25]} Qe7 {[%emt 0:00:34]} 46. e6 {[%emt 0:00:29]} Be8 {[%emt 0:00:29]} 47. Qe4+ {[%emt 0:00:26]} Kh6 {[%emt 0:00:51]} 48. Qh4 {[%emt 0:00:43]} Qc5 {[%emt 0:00:29]} 49. Qf4+ {[%emt 0:01:56]} Kh7 {[%emt 0:00:04]} 50. e7 {[%emt 0:01:09]} Qb5 {[%emt 0:00:35]} 51. Qe4+ {[%emt 0:00:06]} Kh6 {[%emt 0:00:27]} 52. Rd2 {[%emt 0:00:41]} Qa6 {[%emt 0:01:01]} 53. Rd8 {[%emt 0:01:09]} Qb5 {[%emt 0:00:29]} 54. Rxe8 {[%emt 0:01:19]} Qxe8 {[%emt 0:00:29]} 55. Qf4+ {[%emt 0:00:05]} 1-0

[Event "XX Sant Marti Open 2018"]
[Site "Sant Marti"]
[Date "2018.07.15"]
[Round "3"]
[White "Quesada Perez, Yasser"]
[Black "Gonzales, Jayson"]
[Result "1-0"]
[WhiteElo "2531"]
[BlackElo "2367"]
[Annotator "ChessBase"]
[PlyCount "115"]
[EventDate "2018.07.13"]
[EventType "swiss"]
[EventCountry "ESP"]
[SourceTitle "playchess.com"]
[Source "ChessBase"]
[SourceQuality "1"]
[TimeControl "5400+30"]

1. e4 d6 {[%emt 0:04:50]} 2. d4 {[%emt 0:00:42]} Nf6 {[%emt 0:00:11]} 3. Bd3 {[%emt 0:00:15]} e5 {[%emt 0:01:00]} 4. c3 {[%emt 0:00:07]} d5 {[%emt 0:01:50]} 5. dxe5 {[%emt 0:00:07]} Nxe4 {[%emt 0:00:02]} 6. Nf3 {[%emt 0:00:09]} Nc6 {[%emt 0:00:26]} 7. O-O {[%emt 0:01:12]} Bg4 {[%emt 0:00:42]} 8. Nbd2 {[%emt 0:00:08]} Nc5 {[%emt 0:01:07]} 9. Bb1 {[%emt 0:00:07]} d4 {[%emt 0:00:38]} 10. h3 {[%emt 0:15:56]} Bh5 {[%emt 0:01:30]} 11. Qe2 {[%emt 0:08:02]} Qd5 {[%emt 0:10:47]} 12. Rd1 {[%emt 0:17:39]} d3 {[%emt 0:09:06]} 13. Qe3 {[%emt 0:02:02]} O-O-O {[%emt 0:00:20]} 14. Re1 {[%emt 0:07:50]} f6 {[%emt 0:04:06]} 15. b4 {[%emt 0:07:10]} Na4 {[%emt 0:03:45]} 16. c4 {[%emt 0:00:02]} Qe6 {[%emt 0:00:32]} 17. a3 {[%emt 0:00:44]} Bg6 {[%emt 0:02:30]} 18. Ba2 {[%emt 0:01:29]} Nc3 {[%emt 0:12:30]} 19. Bb2 {[%emt 0:00:02]} Nxa2 {[%emt 0:01:45]} 20. Rxa2 {[%emt 0:00:06]} Nxe5 {[%emt 0:01:56]} 21. Nxe5 {[%emt 0:02:03]} fxe5 {[%emt 0:00:04]} 22. Qxa7 {[%emt 0:00:09]} Qa6 {[%emt 0:00:29]} 23. Qxa6 {[%emt 0:00:28]} bxa6 {[%emt 0:00:01]} 24. Bxe5 {[%emt 0:00:07]} Rg8 {[%emt 0:00:20]} 25. c5 {[%emt 0:02:49]} Bf7 {[%emt 0:00:24]} 26. Raa1 {[%emt 0:00:22]} g5 {[%emt 0:00:30]} 27. f3 {[%emt 0:05:16]} h5 {[%emt 0:00:35]} 28. g4 {[%emt 0:00:03]} Rd5 {[%emt 0:01:52]} 29. Bc3 {[%emt 0:01:26]} hxg4 {[%emt 0:04:52]} 30. hxg4 {[%emt 0:03:09]} Rg6 {[%emt 0:00:10]} 31. Kf2 {[%emt 0:01:19]} Rd8 {[%emt 0:03:18]} 32. Rad1 {[%emt 0:01:28]} Be8 {[%emt 0:01:27]} 33. Ne4 {[%emt 0:01:59]} Bb5 {[%emt 0:03:41]} 34. Rh1 {[%emt 0:02:15]} Bh6 {[%emt 0:04:20]} 35. Ke3 {[%emt 0:02:56]} Kb7 {[%emt 0:01:27]} 36. Rd2 {[%emt 0:00:25]} Re8 {[%emt 0:01:15]} 37. Rdh2 {[%emt 0:00:50]} Ree6 {[%emt 0:00:15]} 38. Kd2 {[%emt 0:02:20]} Kc6 {[%emt 0:07:31]} 39. Ng3 {[%emt 0:00:24]} Bg7 {[%emt 0:04:01]} 40. Bxg7 {[%emt 0:00:40]} Rxg7 {[%emt 0:00:01]} 41. Rh6 {[%emt 0:04:43]} Rxh6 {[%emt 0:00:12]} 42. Rxh6+ {[%emt 0:00:01]} Kd5 {[%emt 0:00:24]} 43. Nf5 {[%emt 0:04:11]} Rf7 {[%emt 0:00:46]} 44. a4 {[%emt 0:01:51]} Bxa4 {[%emt 0:00:37]} 45. Kxd3 {[%emt 0:01:49]} Bb5+ {[%emt 0:00:02]} 46. Kc3 {[%emt 0:02:02]} Ke5 {[%emt 0:00:07]} 47. Nd4 {[%emt 0:00:26]} Rd7 {[%emt 0:05:21]} 48. Re6+ {[%emt 0:00:15]} Kf4 {[%emt 0:00:13]} 49. Re4+ {[%emt 0:00:52]} Kg3 {[%emt 0:00:08]} 50. Re5 {[%emt 0:00:04]} Kh4 {[%emt 0:00:34]} 51. Rf5 {[%emt 0:01:40]} Bf1 {[%emt 0:03:19]} 52. c6 {[%emt 0:00:32]} Re7 {[%emt 0:01:10]} 53. Kd2 {[%emt 0:00:01]} Bg2 {[%emt 0:03:20]} 54. Rd5 {[%emt 0:00:29]} Rf7 {[%emt 0:00:50]} 55. Rd7 {[%emt 0:00:12]} Rxf3 {[%emt 0:00:24]} 56. Nxf3+ {[%emt 0:00:14]} Bxf3 {[%emt 0:00:02]} 57. Rxc7 {[%emt 0:00:05]} Kxg4 {[%emt 0:00:07]} 58. Ke3 {[%emt 0:00:13]} 1-0

[Event "XX Sant Marti Open 2018"]
[Site "Sant Marti"]
[Date "2018.07.15"]
[Round "3"]
[White "Cuartas, Jaime Alexander"]
[Black "Neelash Saha"]
[Result "1/2-1/2"]
[WhiteElo "2508"]
[BlackElo "2319"]
[Annotator "TA"]
[PlyCount "146"]
[EventDate "2018.07.13"]
[EventType "swiss"]
[EventCountry "ESP"]
[SourceTitle "playchess.com"]
[Source "ChessBase"]
[SourceQuality "1"]

{[%evp 14,146,9,3,47,-30,49,69,100,90,93,93,102,102,83,78,123,72,72,71,80,76,78,0,66,35,54,39,31,31,76,71,59,54,59,45,57,10,50,18,52,55,44,45,37,20,185,25,18,8,6,0,0,-15,0,0,0,0,0,0,0,0,0,0,4,0,6,2,4,0,0,0,5,0,0,0,0,0,0,0,74,80,76,8,8,8,8,8,8,8,8,8,8,8,353,8,8,8,8,8,8,8,8,8,8,8,8,8,8,8,8,8,8,8,8,0,8,8,8,8,8,8,8,8,8,8,8,8,8,0,8,8,8,0,8]} 1. e4 c5 2. Nf3 d6 3. d4 cxd4 4. Nxd4 Nf6 5. f3 e5 6. Bb5+ Bd7 7. Bxd7+ {B55: Sicilian: 2...d6 3 d4 cxd4 4 Nxd4 Nf6 5 f3} Nbxd7 8. Nf5 {LiveBook: 13 Games} Nb6 (8... d5 $5) (8... d5 9. exd5 Nb6 10. Bg5 Qd7 11. Bxf6 {½-½ (11) Socko,B (2656)-Sasikiran,K (2669) Warsaw 2009}) 9. c4 (9. Bg5 $14) 9... Rc8 ({Better is} 9... Nxc4 $11 10. Bg5 (10. Qa4+ Qd7 $15) 10... Rc8) 10. b3 $1 $14 g6 11. Ne3 $1 Bh6 $146 ({Predecessor:} 11... Bg7 12. Nc3 a6 13. O-O O-O 14. Qd3 Rc6 {0-1 (73) Pearson,W (1623)-Oxener,A (1545) Edinburgh 2015}) 12. Nc3 Rc6 13. O-O {[%cal Bh1f1,Bf1f2,Bf2d2][%mdl 32]} O-O 14. Rf2 Ne8 15. Ng4 (15. Nc2 $142 Bxc1 16. Rxc1 (16. Qxc1 Nf6 $16)) 15... Bg7 $16 16. Rd2 f5 17. Nf2 Nc8 18. b4 ({White should try} 18. exf5 $16 gxf5 19. Re2) 18... Kh8 (18... Rxc4 $11 19. Qb3 Qc7) 19. c5 a5 20. Ba3 axb4 21. Bxb4 Qg5 22. cxd6 Nexd6 23. Qe2 Re8 24. Rad1 $36 {[%cal Rd2d6][%mdl 2048] White is pushing.} Bf8 25. Rd5 Qf6 26. Qd3 Nc4 27. Rd8 N8d6 $1 28. Rxe8 Nxe8 29. Bxf8 Nb2 $2 (29... Qxf8 $11 {and Black stays safe.} 30. Qd8 Nb2) 30. Qd8 $2 (30. Qd7 $1 $18 {[%cal Rd7e8]} Qxf8 31. Qxb7 Rxc3 32. Qxb2) 30... Qxf8 $11 31. Rc1 Kg7 32. Ne2 {And now Rxc6 would win.} Nd6 33. Qa5 Rxc1+ 34. Nxc1 Nbc4 35. Qc3 fxe4 36. Nxe4 Nxe4 37. Qxc4 Qc5+ 38. Qxc5 Nxc5 {[%mdl 4096] Endgame KN-KN} 39. Kf2 Kf6 40. Ke3 h5 41. Ne2 h4 42. Nc3 Kf5 43. g3 hxg3 44. hxg3 Ke6 45. g4 Na6 46. Kd3 Nb4+ (46... b5 $11 {remains equal.}) 47. Kc4 $1 $16 {[%cal Rc4b4]} Nc2 {[#]} 48. Ne4 (48. Kc5 $1 $16) 48... Nd4 $11 49. Nc5+ Kd6 50. Nxb7+ Kc7 51. Nc5 {Threatens to win with f4!} Nxf3 52. Kd5 {Hoping for Ke4.} g5 53. Nd3 Kb6 $2 {[%mdl 8192] [#]} (53... Nh2 $1 $11 {and Black is okay.}) 54. Nxe5 $2 (54. Ke4 $1 $18 {[%cal Re4f3]} Nh2 55. Kf5 (55. Nxe5 Kb5 $14) (55. Kxe5 Nxg4+ 56. Kf5 Ne3+ 57. Ke4 Nc2 $11)) 54... Nh2 $1 {The position is equal.} 55. Kc4 (55. Ke4 {is interesting.} Ka5 56. Kf5 Ka4 57. Nd3 Nf3 58. Nc1) 55... Ka5 56. Kb3 {aiming for a4.} Kb5 57. a4+ Ka5 58. Ka3 Nf1 59. Nc4+ Ka6 60. Kb4 Nh2 61. Ne5 Nf1 62. a5 Ne3 63. Ka4 Nd5 64. Nc6 {Black must now prevent Nb4+.} Nc3+ (64... Nf6 {seems wilder.} 65. Nb4+ Ka7 66. Kb5 Nxg4 67. Nc6+ Ka8) 65. Kb3 Ne4 66. Kb4 Nf6 67. Ne5 Nd5+ 68. Ka4 Nc3+ 69. Kb3 Nd5 70. Kc4 Ne3+ 71. Kb4 Nd5+ 72. Kc5 Nf6 73. Kb4 Nd5+ {Precision: White = 46%, Black = 52%.} 1/2-1/2

[Event "XX Sant Marti Open 2018"]
[Site "Sant Marti"]
[Date "2018.07.15"]
[Round "3"]
[White "Oliva Castaneda, Kevel"]
[Black "Cruz, Filemon"]
[Result "1/2-1/2"]
[WhiteElo "2491"]
[BlackElo "2314"]
[Annotator "TA"]
[PlyCount "51"]
[EventDate "2018.07.13"]
[EventType "swiss"]
[EventCountry "ESP"]
[SourceTitle "playchess.com"]
[Source "ChessBase"]
[SourceQuality "1"]

{[%evp 28,51,31,31,44,48,69,31,26,-6,8,-2,47,50,54,41,56,42,43,-39,-37,-33,-39,-31,0,-59]} 1. d4 Nf6 2. c4 e6 3. g3 c5 4. d5 exd5 5. cxd5 d6 6. Nc3 g6 7. Bg2 Bg7 8. Nf3 O-O 9. O-O Re8 10. Bf4 a6 11. a4 Qc7 12. h3 Nbd7 {[%cal Bb8d7,Bd7b6,Bb6c4,Bc4e5,Be5d3][%mdl 32]} 13. Qc2 {A63: Modern Benoni: Fianchetto Variation: 9...Nbd7} (13. Qd2 Rb8 14. Rab1 b5 15. axb5 axb5 16. b4 Ne4 17. Nxe4 Rxe4 18. Ng5 Re8 19. Ne4 Rxe4 20. Bxe4 c4 {1-0 (38) Xiong,J (2640)-Onischuk,A (2681) Saint Louis 2018}) 13... Rb8 14. a5 b5 15. axb6 $1 {LiveBook: 3 Games. White is slightly better.} Nxb6 16. e4 {[#]} Nfd7 $146 ({Predecessor:} 16... h6 17. Rfe1 Nbd7 18. Rad1 Rb4 19. e5 dxe5 20. Nxe5 Nxe5 {1-0 (51) Aberg,A (2460)-Hansen,S (2536) Sweden 2002}) 17. Rfe1 Nc4 18. Ra2 Rb4 19. Nd1 Qb8 {[#]} 20. b3 $1 {[%mdl 512]} Nce5 (20... Rxb3 21. Qxc4) 21. Nd2 $1 c4 22. bxc4 Nc5 23. Be3 (23. Nb2 $14) 23... Ned3 $15 {[%mdl 1024] Black has compensation.} 24. Rf1 Bd7 {Strongly threatening ...Ba4.} 25. Nc3 Rc8 26. f4 {Precision: White = 30%, Black = 48%.} (26. Rfa1 $11) 1/2-1/2

[Event "XX Sant Marti Open 2018"]
[Site "Sant Marti"]
[Date "2018.07.15"]
[Round "3"]
[White "Fernandez Cardoso, Alexey"]
[Black "Sapale Saloni"]
[Result "1-0"]
[WhiteElo "2439"]
[BlackElo "2145"]
[Annotator "TA"]
[PlyCount "125"]
[EventDate "2018.07.13"]
[EventType "swiss"]
[EventCountry "ESP"]
[SourceTitle "playchess.com"]
[Source "ChessBase"]
[SourceQuality "1"]

{[%evp 15,125,19,28,18,27,-8,0,-47,28,19,19,18,35,25,43,0,0,0,0,0,66,0,0,0,0,0,0,-2,0,0,74,80,70,70,69,69,84,69,85,81,69,69,69,74,74,70,105,59,44,46,50,39,55,31,70,75,79,80,69,26,33,17,82,72,123,89,178,0,0,0,0,-105,-93,-177,-150,-117,0,0,0,0,0,0,0,-181,-37,-33,0,0,0,0,0,0,0,0,0,0,0,0,0,0,8,8,243,238,377,360,514,503,934,852,5065,1008]} 1. e4 e6 2. d4 d5 3. Nd2 Nf6 4. e5 Nfd7 5. f4 c5 6. c3 Nc6 7. Ndf3 cxd4 8. cxd4 a5 {LiveBook: 43 Games} 9. a4 {C05: French Tarrasch: 3...Nf6 4 e5 Nfd7, 5 f4 and 5 Bd3 sidelines} (9. a3 a4 10. Bd3 Nb6 11. Ne2 Be7 12. h4 Bd7 13. h5 Nc4 14. Nc3 b5 15. f5 exf5 16. h6 g6 17. Nxd5 {½-½ (35) Hou,Y (2661)-Harika,D (2521) Sharjah 2014}) 9... f6 10. g3 Be7 $146 ({Predecessor:} 10... Bb4+ 11. Kf2 Qb6 12. Kg2 O-O 13. Bd3 fxe5 14. fxe5 Kh8 15. Ne2 Rxf3 16. Kxf3 Nxd4+ {1-0 (48) Poghosyan,T (2058)-Goecke,K (2188) Werther 2015}) 11. Bh3 {The position is equal.} Bb4+ ({Black should play} 11... fxe5 $15 12. dxe5 Nc5) 12. Kf2 $11 Qe7 13. Kg2 O-O 14. Ne2 b6 15. Nc3 fxe5 16. fxe5 Rxf3 17. Kxf3 {And now Kg2 would win.} (17. Qxf3 $6 Nxd4 18. Nxd5 Qd8 $16) 17... Bb7 (17... Bxc3 $2 18. bxc3 Ba6 19. Kg2 $18) (17... Nxd4+ $11 18. Qxd4 Bc5) 18. Kg2 ({White should try} 18. Rf1 $14) 18... Nxd4 $1 19. Qxd4 Bc5 20. Qg4 d4+ 21. Ne4 Nxe5 22. Qxe6+ Kh8 (22... Qxe6 $11 {remains equal.} 23. Bxe6+ Kh8) 23. Qxe7 $1 $16 Bxe4+ 24. Kg1 Bxe7 25. Bg2 Bxg2 26. Kxg2 Rc8 {Hoping for ...Rc2+.} 27. Rd1 Bc5 28. Bf4 Nc4 29. Rac1 Ne3+ 30. Bxe3 $1 dxe3 {[%mdl 4096] Endgame KRR-KRB} 31. Rd3 {Rxe3! is the strong threat.} Re8 $1 32. Re1 h6 33. Re2 Kh7 34. Rd5 Re4 35. b3 $1 Kg6 36. Kf3 Re7 37. g4 Rf7+ 38. Ke4 Re7+ (38... Rf1 $1 $11) 39. Kd3 Kf6 (39... Rf7 $142) 40. h4 Ke6 {[#]} (40... g6 $16) 41. Kc4 $2 (41. Rxc5 $1 $18 Rd7+ 42. Kc4 (42. Kxe3 bxc5 43. Kf3+ Kf6 $11) 42... bxc5 43. Rxe3+ Kf6 44. Kb5 (44. Kxc5 Rb7 $16)) 41... Rc7 $11 42. Rf5 g6 43. Rf3 (43. Rxc5 $1 $11 {was the only way to keep the balance.} Rxc5+ 44. Kd4) 43... Ke5 $17 44. Kd3 (44. Kb5 $17) 44... Rd7+ $19 45. Kc2 Rd6 ({Better is} 45... Ke4 $17 46. Rf6 Rc7) 46. g5 $1 $11 {[%cal Rg5h6]} hxg5 47. hxg5 Rc6 48. Kd1 Rd6+ 49. Ke1 $2 {[#]} (49. Kc2 $11) 49... Rd3 (49... Ke4 $1 $19 {[%cal Re4f3]} 50. Rh3 Bb4+ 51. Kf1 Rd1+ 52. Kg2 Bc5) 50. Rb2 $15 Bd4 {[%mdl 1024] Black has compensation.} (50... Kd4 {is more complex.} 51. Rc2 Rxb3 52. Ke2 Ke5 53. Rf6 Ra3) 51. Ke2 Ke4 52. Rh3 {Threatens to win with Rh4+.} Rc3 $1 53. Rh4+ Kd5 54. Ra2 Rxb3 55. Rh6 Rb1 56. Rxg6 Rg1 {White must now prevent ...Rg2+.} 57. Kf3 Kc4 58. Rg2 Rb1 $2 (58... Rxg2 $11 59. Kxg2 b5 60. axb5 Kxb5) 59. Ke4 $18 Bc5 (59... Rb4 {was necessary.} 60. Rd6 Kc3) 60. Rf6 Kc3 (60... Rd1 $142 61. g6 Rd8) 61. g6 {[%cal Bg5g6,Bg6g7][%mdl 32] aiming for g7.White is clearly winning.} Rb4+ (61... Rd1 $142 62. g7 Rd8) 62. Kf3 Bd4 63. g7 {Precision: White = 55%, Black = 47%.} 1-0

[Event "XX Sant Marti Open 2018"]
[Site "Sant Marti"]
[Date "2018.07.15"]
[Round "3"]
[White "Smirnov, Artem"]
[Black "Guseinov, Gadir"]
[Result "0-1"]
[WhiteElo "2405"]
[BlackElo "2654"]
[Annotator "TA"]
[PlyCount "82"]
[EventDate "2018.07.13"]
[EventType "swiss"]
[EventCountry "ESP"]
[SourceTitle "playchess.com"]
[Source "ChessBase"]
[SourceQuality "1"]

{[%evp 25,82,83,87,65,58,61,79,39,72,49,64,38,62,43,56,37,39,26,35,34,38,19,16,25,17,-21,0,-24,24,0,0,0,0,0,0,0,0,-244,-163,-385,-400,-672,-648,-691,-694,-686,-694,-680,-671,-1066,-1043,-1018,-862,-835,-763,-756,-760,-664,-744]} 1. d4 d6 2. Nf3 Nf6 3. c4 g6 4. Nc3 Bg7 5. e4 O-O 6. Be2 c6 7. O-O e5 8. d5 Na6 9. Be3 Ng4 10. Bg5 f6 11. Bh4 c5 {E94: King's Indian: Classical: 6 Be2 e5 7 0-0: Various Black 7th moves} 12. Nd2 (12. Ne1 Nh6 13. f3 Nf7 14. Rb1 h5 15. Nd3 Bh6 16. Bf2 Bd7 17. b4 b6 18. bxc5 Nxc5 19. a4 a5 20. Qc2 {1-0 (67) So,W (2822)-Shimanov,A (2642) chess.com INT 2017}) 12... Nh6 13. a3 Nf7 {LiveBook: 8 Games. White is better.} 14. f3 Bh6 15. Bd3 $146 ({Predecessor:} 15. Bf2 f5 16. exf5 gxf5 17. Kh1 Qg5 18. Be1 Qe7 19. Bg3 {½-½ (53) Santiago,Y (2498)-Hernandez Guerrero,G (2525) Arica 2017}) 15... Nc7 16. b4 b6 17. Rb1 Ne8 18. Bc2 Bd7 19. Re1 Ng7 20. Nf1 Bg5 21. Bxg5 Nxg5 22. bxc5 bxc5 23. Ba4 Bxa4 24. Qxa4 f5 25. Ne3 h5 26. Rb7 Qf6 {aiming for ...fxe4.} 27. Rf1 Rf7 28. Qc6 Raf8 29. Rd7 Rd8 30. Rxd8+ (30. Rxf7 {looks sharper.} Nxf7 31. Qb7 h4 32. Qxa7 h3 33. g4) 30... Qxd8 31. Rb1 $2 (31. Nb5 $11 {and White stays safe.}) 31... fxe4 $19 32. h4 $2 ({Much worse is} 32. fxe4 $6 Rf4 $11) (32. Nxe4 Nxe4 33. fxe4) 32... exf3 33. hxg5 (33. Rb7 $142 f2+ 34. Kf1 Rxb7 35. Qxb7) 33... Qxg5 {Black is clearly winning.} 34. Ncd1 {[#]} f2+ $1 {[%mdl 512]} 35. Kf1 (35. Nxf2 Qxe3) 35... Qh4 36. Qc8+ Kh7 {Strongly threatening ...Qh1+.} 37. Rb8 {[%csl Gb8][%cal Rc8h8]} Qh1+ 38. Ke2 f1=Q+ 39. Nxf1 Qxf1+ 40. Kd2 Qxg2+ 41. Kc1 Qg5+ {Precision: White = 25%, Black = 70%.} (41... Kh6 $2 42. Qh8+ Kg5 43. Qd8+ Rf6 44. Rb7 $19) 0-1

[Event "XX Sant Marti Open 2018"]
[Site "Sant Marti"]
[Date "2018.07.15"]
[Round "3"]
[White "Alarcon Casellas, Rolando"]
[Black "Alonso Rosell, Alvar"]
[Result "1/2-1/2"]
[WhiteElo "2389"]
[BlackElo "2523"]
[Annotator "TA"]
[PlyCount "91"]
[EventDate "2018.07.13"]
[EventType "swiss"]
[EventCountry "ESP"]
[SourceTitle "playchess.com"]
[Source "ChessBase"]
[SourceQuality "1"]

{[%evp 9,91,0,-14,-69,-68,-93,-51,-46,-51,-49,-15,-19,0,0,0,0,0,0,0,2,14,19,24,0,0,0,0,0,0,0,0,0,0,0,-9,-8,0,0,0,0,0,0,0,0,10,0,0,0,0,0,143,127,139,122,135,134,133,135,135,0,33,64,65,0,0,0,0,0,0,0,0,0,0,0,0,0,0,0,0,0,0,0,0,0]} 1. d4 Nf6 2. Bg5 d5 3. Bxf6 gxf6 4. c4 dxc4 5. Nc3 (5. e3 c5 6. Nc3 cxd4 7. Bxc4 Bg7 8. Qh5 e6 9. O-O-O f5 10. exd4 Qc7 11. Bb5+ Bd7 12. Bxd7+ Nxd7 {0-1 (57) Fier,A (2614)-Gajewski,G (2621) St Petersburg 2016}) 5... a6 $146 ({Predecessor:} 5... c5 6. d5 Bd7 7. a4 f5 8. e3 Qb6 9. Qc1 Bg7 10. Nf3 Qb4 11. Nd2 O-O 12. Bxc4 Qb6 {½-½ (54) Pasman,M (2355)-Iliaguev,N (2301) Jerusalem 2017}) 6. a4 {D00: 1 d4 d5: Unusual lines} (6. Nf3 $11) 6... Nc6 7. e3 Na5 8. Qh5 {Black is slightly better.} c6 9. Nf3 Bg7 10. Be2 O-O 11. Bd1 f5 12. Bc2 ({Reject} 12. Ng5 h6 $17) 12... Qd6 13. Bxf5 Bxf5 14. Qxf5 Nb3 15. Rd1 ({Of course not} 15. Ng5 Qg6 $17) 15... Qg6 16. Nh4 (16. Qf4 {keeps more tension.} Rad8 17. O-O b5 18. axb5 axb5 19. Nh4) 16... Qxf5 17. Nxf5 e6 18. Nxg7 Kxg7 19. Ne4 b5 20. Nd2 Na5 21. Ra1 Nb7 22. Ne4 c5 23. dxc5 f5 24. c6 fxe4 25. cxb7 $11 {[%mdl 4096] Endgame KRR-KRR} Rab8 26. axb5 axb5 27. Ra6 Rxb7 28. Rxe6 Ra7 29. Ke2 c3 (29... Ra2 $11 {remains equal.} 30. Rb1 c3 31. Rxe4 Rd8) 30. Rxe4 $16 Ra2 31. Rb4 Rd8 {[#] aiming for ...Rd2+.} 32. Rd1 $1 {[%cal Rd1d8]} Rxd1 33. Kxd1 {Threatens to win with Kc2.} cxb2 {[#] KR-KR} 34. Kc2 ({White should play} 34. f4 $1 $16) 34... b1=Q+ 35. Kxb1 Rxf2 36. Rxb5 (36. Rb2 $1 $14 Rf5 37. Kc2) 36... Rxg2 $11 {The position is equal.} 37. Rb2 Rg4 38. Kc2 h5 39. Kd3 Kf6 40. e4 Rh4 41. Kd4 Ke6 42. Rf2 Rh3 43. Ra2 Rh4 44. Rb2 (44. h3 $5) 44... Rh3 45. Re2 Rh4 46. Ra2 {Precision: White = 69%, Black = 81%.} 1/2-1/2